000 00458nam a2200181 4500
003 SEACOMEC
005 20250127140506.0
008 240222b |||||||| |||| 00| 0 eng d
020 _cRs.350.00
040 _aSEACOMEC
082 _a621.3
_bT686
100 _aToro,Vincent
245 1 _aElectrical engineering fundamentals/
_cVincent Del Toro
250 _a2nd ed.
260 _aNew Delhi
_bPrentice hall
650 _aTechnology,Electrical
942 _cBOOK
999 _c676
_d676